Naturdiamanten nach Länder - Statistiken

Allgemein
  • Dieses Quiz wurde 29 mal gespielt
  • Das Durchschnittsergebnis liegt bei 11 aus 21
Antwortstatistiken
Tsd. Karat Länder % Korrekt
12.773 Demokratische Republik Kongo
91%
4 Republik Kongo
91%
9.724 Südafrika
87%
143 Brasilien
74%
39.116 Russland
65%
62 Tansania
65%
1.518 Namibia
61%
17.353 Kanada
57%
8.723 Angola
52%
15 Indien
52%
4.224 Simbabwe
52%
339 Lesotho
48%
22.696 Botswana
43%
54 Ghana
43%
273 Guinea
43%
4 Kamerun
43%
93 Zentralafrikanische Republik
43%
4 Elfenbeinküste
39%
63 Liberia
30%
829 Sierra Leone
22%
15 Guyana
4%
Keine übereinstimmenden Quizze gefunden
Verteilung der Resultate
Anzahl Personen mit jedem Resultat
Perzentil nach korrekt beantworteten Fragen
Ihre Resultats-Entwicklung
Sie haben dieses Quiz noch nicht gespielt